L'Art Flamand dans l'est et le midi de la France (Record no. 159612)
[ view plain ]
| 000 -LEADER | |
|---|---|
| campo de control de longitud fija | 00784nam a22001935i 4500 |
| 001 - NÚMERO DE CONTROL | |
| campo de control | 159612 |
| 003 - IDENTIFICADOR DE NÚMERO DE CONTROL | |
| campo de control | ES-MaACL |
| 005 - FECHA Y HORA DE LA ÚLTIMA TRANSACCIÓN | |
| campo de control | 20260306063016.0 |
| 008 - DATOS DE LONGITUD FIJA--INFORMACIÓN GENERAL | |
| campo de control de longitud fija | 000802s1877 fr af |||| | fre d |
| 040 ## - FUENTE DE CATALOGACIÓN | |
| Centro catalogador/agencia de origen | CCPB | B |
| Lengua de catalogación | spa |
| Centro/agencia transcriptor | CCPB | B |
| 100 1# - ENTRADA PRINCIPAL--NOMBRE DE PERSONA | |
| Nombre de persona | Michiels, Alfred, |
| Fechas asociadas al nombre | 1813-1892 |
| 9 (RLIN) | 129898 |
| 245 12 - MENCIÓN DEL TÍTULO | |
| Título | L'Art Flamand dans l'est et le midi de la France |
| Resto del título | : rapport au Gouvernement Français : complément de l'Histoire de la Peinture Flamande / |
| Mención de responsabilidad, etc. | par Alfred Michiels. |
| 260 ## - PUBLICACIÓN, DISTRIBUCIÓN, ETC. | |
| Lugar de publicación, distribución, etc. | Paris : |
| Nombre del editor, distribuidor, etc. | Librairie Renouard, Henri Loones, successeur, |
| Fecha de publicación, distribución, etc. | 1877 ( |
| Fabricante | Jules le Clere et C\pie\s) |
| 300 ## - DESCRIPCIÓN FÍSICA | |
| Extensión | 556 p., [1] h. de grab. ; |
| Dimensiones | 23 cm. |
| 650 #7 - PUNTO DE ACCESO ADICIONAL DE MATERIA--TÉRMINO DE MATERIA | |
| Término de materia o nombre geográfico como elemento de entrada | Pintura flamenca |
| Fuente del encabezamiento o término | embne |
| 9 (RLIN) | 16046 |
| 752 ## - ENTRADA AGREGADA--NOMBRE JERÁRQUICO DEL LUGAR | |
| País o entidad superior | Francia - |
| Ciudad | París |
| 852 ## - LOCALIZACIÓN | |
| Ubicación | ES-MaACL |
| Número de control de estantería | G-8133 |
| Nota libre | -- Enc. hol. |
| Estatus retirado | Estado de pérdida | Estado de daño | No para préstamo | Colección | Biblioteca de origen | Biblioteca actual | Ubicación en estantería | Fecha de adquisición | Fuente de adquisición | Total de préstamos | Signatura topográfica completa | Código de barras | Visto por última vez | Precio de reemplazo | Tipo de ítem Koha |
|---|---|---|---|---|---|---|---|---|---|---|---|---|---|---|---|
| Libros del s. XIX | Biblioteca del Ateneo de Madrid | Biblioteca del Ateneo de Madrid | Sala Pecera Planta 3 | 17/01/2008 | G-8133 | 1167092 | 23/02/2023 | 23/02/2023 | Libro impreso antiguo |
